| 000 | 00576nam a22001937a 4500 | ||
|---|---|---|---|
| 999 |
_c181598 _d181598 |
||
| 005 | 20210924145222.0 | ||
| 010 | _aUR-11246 | ||
| 020 |
_c160.00 _a9789391238131 |
||
| 035 | _aU-9801 | ||
| 037 | _bDBAD/PUB | ||
| 082 | _aک | ||
| 100 | _aحسين قر يشی | ||
| 245 |
_aپا گل پن _cحسين قر يشی |
||
| 246 |
_aPagalpan (Urdu) _bby Haseen Qureshi |
||
| 260 |
_aDelhi _c2021 ء _bEducational Publishing House |
||
| 270 |
_a3191,Vakil Street,kucha pandit Lal kuan , _bDelhi _e110006 _l - |
||
| 300 |
_a128 ص _c22 Cm(Hb) |
||
| 942 |
_2ddc _cUR _hک _mق ر ے |
||